00809 a2200193 45000010006000000050017000060080041000230030015000640400040000790800055001192450059001740200022002332640035002553000019002905050259003090410008005681000022005767000017005986060620260407155857.0260407a1995 arg spa dAR-UNSa-BCEJYS aAR-UNSa-BCEJYSbspacAR-UNSa-BCEJYS a371.13xFormación de los profesores y educadores10aImágenes e imaginación. Iniciación a la docencia a978-950-13-6185-8 1aBuenos Aires :bKapeluszc1995 a109 p.c22 cm. a1. La práctica de la enseñanza en la formación de docentes - 2. Los sujetos de las prácticas – 3. Una propuesta teórico-metodológica para las prácticas docentes – 4. Articulando ideas para la formación – 5. Para cerrar, un alerta -  aspa1 aEdelstein, Gloria1 aCoria, Adela